| 000 | 00764nam a2200229Ia 4500 | ||
|---|---|---|---|
| 001 | 3351 | ||
| 003 | GE_BSU | ||
| 008 | 181216s||||||||xx |||||||||||||| ||und|| | ||
| 020 | _a5090006377 | ||
| 040 | _cGE_BSU | ||
| 080 | _a543+547(075.8) | ||
| 100 | _aБеляева,И.И. Стуягин,Е.И. Шепелина,В.Л. | ||
| 245 | _aЗадачи и упражнения по общей и неогранической химии. | ||
| 245 | _bУчебное пособие. | ||
| 245 | _cРед.В.И.Володина. | ||
| 260 | _aМ. | ||
| 260 | _bПросвещение. | ||
| 260 | _c1989. | ||
| 300 | _a191стр.20см. | ||
| 653 | _aЗадачи и упражнения по общей и неогранической химии. | ||
| 942 | _cBK | ||
| 999 |
_c37392 _d37392 |
||